000
00291nam a22001337a 4500
008
171016b xxu||||| |||| 00| 0 eng d
020
_a
0534061621
041
_a
eng
080
_2
4TH
_a
331.101.262
100
_a
52
101
_a
BNJ
245
_a
PERSUASION
_c
LARSON,CH.U
942
_2
udc
_c
BK
999
_c
34229
_d
34229